[Event "DEM U12 2023"]
[Site "Willingen GER"]
[Date "2023.05.30"]
[Round "4"]
[White "Sarian, David"]
[Black "Ramming, Moritz"]
[Result "1-0"]
[Termination "normal"]
[Board "20"]
[WhiteElo "1480"]
[BlackElo "1597"]
[WhiteClock "00:59:58"]
[BlackClock "00:23:52"]
[PlyCount "87"]
[WhiteFideId "34660275"]
[BlackFideId "34618198"]
[EventCountry "GER"]
[EventRounds "9"]
[EventType "swiss"]
[EventDate "2023.05.27"]

1. e4 {[%clk 01:30:58]} {[%emt 00:00:02]} e6 {[%clk 01:30:54]} {[%emt
00:00:06]} 2. d4 {[%clk 01:31:24]} {[%emt 00:00:05]} d5 {[%clk 01:31:19]}
{[%emt 00:00:04]} 3. Nd2 {[%clk 01:31:50]} {[%emt 00:00:04]} Nf6 {[%clk
01:31:38]} {[%emt 00:00:12]} 4. e5 {[%clk 01:32:15]} {[%emt 00:00:05]} Nfd7
{[%clk 01:32:03]} {[%emt 00:00:05]} 5. c3 {[%clk 01:32:36]} {[%emt 00:00:09]}
c5 {[%clk 01:31:54]} {[%emt 00:00:39]} 6. Bd3 {[%clk 01:33:00]} {[%emt
00:00:05]} Nc6 {[%clk 01:32:14]} {[%emt 00:00:10]} 7. Ne2 {[%clk 01:33:20]}
{[%emt 00:00:11]} cxd4 {[%clk 01:32:20]} {[%emt 00:00:24]} 8. cxd4 {[%clk
01:33:43]} {[%emt 00:00:06]} f6 {[%clk 01:32:28]} {[%emt 00:00:22]} 9. exf6
{[%clk 01:34:08]} {[%emt 00:00:05]} Nxf6 {[%clk 01:32:42]} {[%emt 00:00:16]}
10. O-O {[%clk 01:34:30]} {[%emt 00:00:08]} Bd6 {[%clk 01:33:07]} {[%emt
00:00:06]} 11. Nf3 {[%clk 01:34:55]} {[%emt 00:00:05]} Qc7 {[%clk 01:33:33]}
{[%emt 00:00:05]} 12. g3 {[%clk 01:35:11]} {[%emt 00:00:13]} O-O {[%clk
01:28:31]} {[%emt 00:05:32]} 13. Bf4 {[%clk 01:35:33]} {[%emt 00:00:07]} e5
{[%clk 01:23:47]} {[%emt 00:05:14]} 14. dxe5 {[%clk 01:35:49]} {[%emt
00:00:15]} Nxe5 {[%clk 01:22:58]} {[%emt 00:01:20]} 15. Nxe5 {[%clk 01:34:26]}
{[%emt 00:01:52]} Bxe5 {[%clk 01:21:07]} {[%emt 00:02:20]} 16. Qd2 {[%clk
01:34:05]} {[%emt 00:00:51]} Bxf4 {[%clk 01:13:25]} {[%emt 00:08:12]} 17. Nxf4
{[%clk 01:34:28]} {[%emt 00:00:07]} Qf7 {[%clk 01:11:47]} {[%emt 00:02:08]} 18.
Rfe1 {[%clk 01:33:51]} {[%emt 00:01:07]} Bg4 {[%clk 01:06:39]} {[%emt
00:05:38]} 19. Be2 {[%emt 00:01:54]} Bxe2 {[%clk 01:04:09]} {[%emt 00:02:11]}
20. Rxe2 {[%clk 01:31:12]} {[%emt 00:02:35]} Rad8 {[%clk 01:02:49]} {[%emt
00:01:50]} 21. Ne6 {[%clk 01:31:03]} {[%emt 00:00:39]} Qh5 {[%clk 01:01:28]}
{[%emt 00:01:47]} 22. Nxd8 {[%clk 01:28:33]} {[%emt 00:03:03]} Rxd8 {[%clk
00:58:58]} {[%emt 00:03:02]} 23. Rae1 {[%clk 01:28:07]} {[%emt 00:00:54]} Rf8
{[%clk 00:58:32]} {[%emt 00:00:57]} 24. Qd4 {[%clk 01:19:45]} {[%emt 00:08:51]}
Ng4 {[%clk 00:51:46]} {[%emt 00:07:18]} 25. h4 {[%clk 01:19:54]} {[%emt
00:00:20]} Nf6 {[%clk 00:50:03]} {[%emt 00:02:14]} 26. Re5 {[%clk 01:18:00]}
{[%emt 00:02:22]} Qg6 {[%clk 00:47:02]} {[%emt 00:03:33]} 27. Qxa7 {[%clk
01:12:40]} {[%emt 00:05:49]} Ne4 {[%clk 00:44:41]} {[%emt 00:02:51]} 28. R5xe4
{[%clk 01:11:15]} {[%emt 00:01:55]} dxe4 {[%clk 00:40:49]} {[%emt 00:04:22]}
29. Qxb7 {[%clk 01:11:05]} {[%emt 00:00:40]} Re8 {[%clk 00:39:47]} {[%emt
00:01:32]} 30. Qd5+ {[%clk 01:09:12]} {[%emt 00:02:21]} Kh8 {[%clk 00:39:17]}
{[%emt 00:01:02]} 31. Kg2 {[%clk 01:08:58]} {[%emt 00:00:43]} Qg4 {[%clk
00:38:54]} {[%emt 00:00:53]} 32. Re3 {[%clk 01:08:36]} {[%emt 00:00:52]} h6
{[%clk 00:34:59]} {[%emt 00:04:25]} 33. a4 {[%clk 01:06:47]} {[%emt 00:02:19]}
Qg6 {[%clk 00:30:33]} {[%emt 00:04:55]} 34. a5 {[%clk 01:07:01]} {[%emt
00:00:17]} Qf6 {[%clk 00:28:42]} {[%emt 00:02:21]} 35. Rxe4 {[%clk 01:06:51]}
{[%emt 00:00:39]} Rd8 {[%clk 00:28:23]} {[%emt 00:00:50]} 36. Qe5 {[%clk
01:06:39]} {[%emt 00:00:42]} Qc6 {[%clk 00:28:24]} {[%emt 00:00:29]} 37. b4
{[%clk 01:06:33]} {[%emt 00:00:37]} Qb7 {[%clk 00:28:14]} {[%emt 00:00:37]} 38.
Kh2 {[%clk 01:04:34]} {[%emt 00:02:33]} Rd2 {[%clk 00:27:54]} {[%emt 00:00:50]}
39. Qf4 {[%clk 01:04:49]} {[%emt 00:00:14]} Rd8 {[%clk 00:27:47]} {[%emt
00:00:37]} 40. Qe3 {[%clk 01:04:49]} {[%emt 00:00:30]} Qd7 {[%clk 00:26:53]}
{[%emt 00:01:25]} 41. Re5 {[%clk 01:01:53]} {[%emt 00:03:26]} Rb8 {[%clk
00:25:00]} {[%emt 00:02:23]} 42. b5 {[%clk 00:59:10]} {[%emt 00:03:13]} Rxb5
{[%clk 00:23:52]} {[%emt 00:01:38]} 43. Rxb5 {[%clk 00:59:34]} {[%emt
00:00:06]} Qxb5 {[%emt 00:00:06]} 44. Qb6 {[%clk 00:59:58]} {[%emt 00:00:04]}
1-0

[Event "DEM U12 2023"]
[Site "Willingen GER"]
[Date "2023.05.30"]
[Round "4"]
[White "Schröder, Hannes Artur"]
[Black "Merenda, Lukas-Benedikt"]
[Result "0-1"]
[Termination "normal"]
[Board "21"]
[WhiteElo "1343"]
[BlackElo "1479"]
[WhiteClock "00:06:05"]
[BlackClock "00:07:25"]
[PlyCount "96"]
[WhiteFideId "34608818"]
[BlackFideId "34603336"]
[EventCountry "GER"]
[EventRounds "9"]
[EventType "swiss"]
[EventDate "2023.05.27"]

1. e4 {[%clk 01:30:58]} {[%emt 00:00:01]} c5 {[%clk 01:30:56]} {[%emt
00:00:05]} 2. Nf3 {[%clk 01:31:22]} {[%emt 00:00:07]} Nc6 {[%clk 01:31:23]}
{[%emt 00:00:02]} 3. d4 {[%clk 01:30:34]} {[%emt 00:01:19]} cxd4 {[%clk
01:31:41]} {[%emt 00:00:12]} 4. Nxd4 {[%clk 01:30:55]} {[%emt 00:00:08]} Nf6
{[%clk 01:32:04]} {[%emt 00:00:07]} 5. Nc3 {[%clk 01:31:17]} {[%emt 00:00:08]}
e5 {[%clk 01:32:30]} {[%emt 00:00:04]} 6. Nb3 {[%clk 01:30:33]} {[%emt
00:01:14]} Bb4 {[%clk 01:32:38]} {[%emt 00:00:22]} 7. Bd2 {[%clk 01:29:20]}
{[%emt 00:01:43]} d6 {[%clk 01:21:26]} {[%emt 00:11:42]} 8. f3 {[%clk
01:27:19]} {[%emt 00:02:30]} Bxc3 {[%clk 01:18:32]} {[%emt 00:03:24]} 9. Bxc3
{[%clk 01:27:12]} {[%emt 00:00:36]} d5 {[%clk 01:07:26]} {[%emt 00:11:37]} 10.
exd5 {[%clk 01:16:28]} {[%emt 00:11:13]} Nxd5 {[%clk 01:07:23]} {[%emt
00:00:34]} 11. Qd2 {[%clk 01:08:21]} {[%emt 00:08:36]} O-O {[%clk 01:04:30]}
{[%emt 00:03:24]} 12. O-O-O {[%clk 01:06:57]} {[%emt 00:01:54]} Nxc3 {[%clk
01:02:27]} {[%emt 00:02:34]} 13. Qxc3 {[%clk 01:06:07]} {[%emt 00:01:19]} Qe7
{[%clk 01:01:50]} {[%emt 00:01:08]} 14. g4 {[%clk 01:05:14]} {[%emt 00:01:22]}
f5 {[%clk 00:52:57]} {[%emt 00:09:24]} 15. h3 {[%clk 00:57:11]} {[%emt
00:08:33]} Kh8 {[%clk 00:47:10]} {[%emt 00:06:17]} 16. a3 {[%clk 00:54:25]}
{[%emt 00:03:16]} Be6 {[%clk 00:45:03]} {[%emt 00:02:37]} 17. Nc5 {[%clk
00:49:53]} {[%emt 00:05:02]} Nd4 {[%clk 00:38:18]} {[%emt 00:07:14]} 18. Nxe6
{[%clk 00:47:17]} {[%emt 00:03:06]} Qxe6 {[%clk 00:38:17]} {[%emt 00:00:32]}
19. Re1 {[%clk 00:39:26]} {[%emt 00:08:20]} Rfd8 {[%clk 00:34:10]} {[%emt
00:04:37]} 20. Bc4 {[%clk 00:26:56]} {[%emt 00:13:00]} Qf6 {[%clk 00:28:07]}
{[%emt 00:06:33]} 21. Kb1 {[%clk 00:21:00]} {[%emt 00:06:26]} Rac8 {[%clk
00:27:22]} {[%emt 00:01:15]} 22. Qd3 {[%clk 00:19:09]} {[%emt 00:02:22]} Qc6
{[%clk 00:24:17]} {[%emt 00:03:35]} 23. Rd1 {[%clk 00:17:23]} {[%emt 00:02:16]}
Ne6 {[%clk 00:15:50]} {[%emt 00:08:56]} 24. Bd5 {[%clk 00:15:35]} {[%emt
00:02:18]} Qc7 {[%clk 00:11:37]} {[%emt 00:04:43]} 25. gxf5 {[%clk 00:11:51]}
{[%emt 00:04:14]} Nf4 {[%clk 00:10:06]} {[%emt 00:02:01]} 26. Qb3 {[%clk
00:11:20]} {[%emt 00:01:01]} Rd6 {[%clk 00:07:28]} {[%emt 00:03:09]} 27. Bxb7
{[%clk 00:08:59]} {[%emt 00:02:51]} Rb6 {[%clk 00:06:49]} {[%emt 00:01:09]} 28.
Bxc8 {[%clk 00:06:48]} {[%emt 00:02:41]} Rxb3 {[%clk 00:07:12]} {[%emt
00:00:07]} 29. cxb3 {[%clk 00:06:55]} {[%emt 00:00:23]} Qxc8 {[%clk 00:07:34]}
{[%emt 00:00:09]} 30. Ka2 {[%clk 00:06:50]} {[%emt 00:00:35]} g6 {[%clk
00:07:32]} {[%emt 00:00:32]} 31. fxg6 {[%clk 00:06:53]} {[%emt 00:00:27]} hxg6
{[%clk 00:07:33]} {[%emt 00:00:29]} 32. Rde1 {[%clk 00:06:42]} {[%emt
00:00:41]} Nd3 {[%clk 00:07:33]} {[%emt 00:00:30]} 33. Rb1 {[%clk 00:06:26]}
{[%emt 00:00:46]} Qc6 {[%clk 00:07:07]} {[%emt 00:00:56]} 34. Rhf1 {[%clk
00:05:40]} {[%emt 00:01:15]} a5 {[%clk 00:06:27]} {[%emt 00:01:10]} 35. a4
{[%clk 00:05:43]} {[%emt 00:00:27]} Kg7 {[%clk 00:06:05]} {[%emt 00:00:53]} 36.
h4 {[%clk 00:05:46]} {[%emt 00:00:27]} Qc2 {[%clk 00:05:49]} {[%emt 00:00:45]}
37. Rfd1 {[%clk 00:04:57]} {[%emt 00:01:17]} Kh6 {[%clk 00:05:19]} {[%emt
00:01:03]} 38. Rg1 {[%clk 00:04:58]} {[%emt 00:00:28]} Nc5 {[%clk 00:04:55]}
{[%emt 00:00:54]} 39. Rg4 {[%clk 00:04:50]} {[%emt 00:00:37]} Qxb3+ {[%clk
00:05:08]} {[%emt 00:00:18]} 40. Ka1 {[%clk 00:05:06]} {[%emt 00:00:15]} Nd3
{[%clk 00:04:39]} {[%emt 00:00:58]} 41. h5 {[%clk 00:04:59]} {[%emt 00:00:37]}
Nb4 {[%clk 00:04:45]} {[%emt 00:00:25]} 42. Rxg6+ {[%clk 00:04:45]} {[%emt
00:00:43]} Kh7 {[%clk 00:05:08]} {[%emt 00:00:07]} 43. Rg7+ {[%clk 00:04:52]}
{[%emt 00:00:23]} Kxg7 {[%clk 00:05:31]} {[%emt 00:00:08]} 44. Rg1+ {[%clk
00:05:13]} {[%emt 00:00:09]} Kh7 {[%clk 00:05:46]} {[%emt 00:00:14]} 45. Rg7+
{[%clk 00:05:17]} {[%emt 00:00:26]} Kxg7 {[%clk 00:06:11]} {[%emt 00:00:06]}
46. h6+ {[%clk 00:05:37]} {[%emt 00:00:10]} Kxh6 {[%clk 00:06:37]} {[%emt
00:00:04]} 47. Kb1 {[%clk 00:05:58]} {[%emt 00:00:09]} Qc2+ {[%clk 00:07:02]}
{[%emt 00:00:04]} 48. Ka1 {[%clk 00:06:05]} {[%emt 00:00:16]} Qc1# {[%clk
00:07:25]} 0-1

[Event "DEM U12 2023"]
[Site "Willingen GER"]
[Date "2023.05.30"]
[Round "4"]
[White "Madel, Luca"]
[Black "Aweh, Mads"]
[Result "1/2-1/2"]
[Termination "normal"]
[Board "22"]
[WhiteElo "1151"]
[BlackElo "1429"]
[WhiteClock "00:22:12"]
[BlackClock "00:09:36"]
[PlyCount "76"]
[WhiteFideId "16296516"]
[BlackFideId "34604278"]
[EventCountry "GER"]
[EventRounds "9"]
[EventType "swiss"]
[EventDate "2023.05.27"]

1. e4 {[%clk 01:30:58]} {[%emt 00:00:02]} c5 {[%clk 01:30:36]} {[%emt
00:00:25]} 2. Nc3 {[%clk 01:31:06]} {[%emt 00:00:22]} Nc6 {[%clk 01:30:30]}
{[%emt 00:00:36]} 3. g3 {[%clk 01:31:00]} {[%emt 00:00:35]} d6 {[%clk
01:29:43]} {[%emt 00:01:17]} 4. Bg2 {[%clk 01:30:44]} {[%emt 00:00:45]} Nf6
{[%clk 01:29:18]} {[%emt 00:00:56]} 5. d3 {[%clk 01:28:56]} {[%emt 00:02:18]}
e5 {[%clk 01:28:14]} {[%emt 00:01:35]} 6. Nge2 {[%clk 01:28:42]} {[%emt
00:00:42]} Be7 {[%clk 01:25:29]} {[%emt 00:03:16]} 7. O-O {[%clk 01:27:28]}
{[%emt 00:01:44]} O-O {[%clk 01:22:54]} {[%emt 00:03:05]} 8. h3 {[%clk
01:27:10]} {[%emt 00:00:47]} h6 {[%clk 01:18:38]} {[%emt 00:04:47]} 9. Kh2
{[%clk 01:24:43]} {[%emt 00:02:57]} Rb8 {[%clk 01:15:21]} {[%emt 00:03:47]} 10.
a4 {[%clk 01:23:14]} {[%emt 00:01:57]} a6 {[%clk 01:14:08]} {[%emt 00:01:45]}
11. f4 {[%clk 01:19:37]} {[%emt 00:04:07]} Nd4 {[%clk 01:08:23]} {[%emt
00:06:16]} 12. Be3 {[%clk 01:15:26]} {[%emt 00:04:40]} Bd7 {[%clk 01:06:14]}
{[%emt 00:02:39]} 13. Qd2 {[%clk 01:11:24]} {[%emt 00:04:30]} b5 {[%clk
00:57:40]} {[%emt 00:09:06]} 14. axb5 {[%clk 01:06:07]} {[%emt 00:05:47]} axb5
{[%clk 00:58:04]} {[%emt 00:00:07]} 15. Nd1 {[%clk 01:01:51]} {[%emt 00:04:45]}
Qc7 {[%clk 00:50:31]} {[%emt 00:08:03]} 16. Bxd4 {[%clk 01:00:39]} {[%emt
00:01:42]} cxd4 {[%clk 00:48:44]} {[%emt 00:02:18]} 17. c3 {[%clk 00:59:46]}
{[%emt 00:01:23]} dxc3 {[%clk 00:48:50]} {[%emt 00:00:24]} 18. bxc3 {[%clk
00:59:35]} {[%emt 00:00:41]} Bc6 {[%clk 00:43:01]} {[%emt 00:06:20]} 19. Ne3
{[%clk 00:54:46]} {[%emt 00:05:17]} Rfd8 {[%clk 00:39:35]} {[%emt 00:03:57]}
20. Qa2 {[%clk 00:51:16]} {[%emt 00:03:59]} Qb6 {[%clk 00:34:33]} {[%emt
00:05:32]} 21. Qd2 {[%clk 00:47:14]} {[%emt 00:04:31]} Rd7 {[%clk 00:23:18]}
{[%emt 00:11:47]} 22. Ra2 {[%clk 00:34:29]} {[%emt 00:13:13]} Ra7 {[%clk
00:21:03]} {[%emt 00:02:47]} 23. Rfa1 {[%clk 00:32:35]} {[%emt 00:02:24]} Rba8
{[%clk 00:21:25]} {[%emt 00:00:08]} 24. Rxa7 {[%clk 00:31:10]} {[%emt
00:01:54]} Rxa7 {[%clk 00:21:51]} {[%emt 00:00:05]} 25. Rxa7 {[%clk 00:31:17]}
{[%emt 00:00:23]} Qxa7 {[%clk 00:22:17]} {[%emt 00:00:04]} 26. Nd5 {[%clk
00:31:02]} {[%emt 00:00:44]} Bxd5 {[%clk 00:20:52]} {[%emt 00:01:55]} 27. exd5
{[%clk 00:31:03]} {[%emt 00:00:28]} Qc5 {[%clk 00:20:49]} {[%emt 00:00:33]} 28.
fxe5 {[%clk 00:28:47]} {[%emt 00:02:45]} dxe5 {[%clk 00:21:07]} {[%emt
00:00:13]} 29. Qa2 {[%clk 00:28:59]} {[%emt 00:00:18]} Bd6 {[%clk 00:20:14]}
{[%emt 00:01:24]} 30. Qa8+ {[%clk 00:28:23]} {[%emt 00:01:05]} Kh7 {[%clk
00:20:37]} {[%emt 00:00:08]} 31. Qc6 {[%clk 00:27:56]} {[%emt 00:00:57]} Kg6
{[%clk 00:17:56]} {[%emt 00:03:12]} 32. g4 {[%clk 00:23:29]} {[%emt 00:04:56]}
e4+ {[%clk 00:14:25]} {[%emt 00:04:01]} 33. Kh1 {[%clk 00:22:54]} {[%emt
00:01:03]} Qxc6 {[%clk 00:14:39]} {[%emt 00:00:17]} 34. dxc6 {[%clk 00:22:55]}
{[%emt 00:00:29]} exd3 {[%clk 00:14:56]} {[%emt 00:00:14]} 35. Nd4 {[%clk
00:22:48]} {[%emt 00:00:36]} d2 {[%clk 00:13:19]} {[%emt 00:02:07]} 36. Bf3
{[%clk 00:23:01]} {[%emt 00:00:17]} Bf4 {[%clk 00:10:32]} {[%emt 00:03:18]} 37.
Nxb5 {[%clk 00:22:55]} {[%emt 00:00:36]} Nd5 {[%clk 00:09:36]} {[%emt
00:01:26]} 38. c4 {[%clk 00:22:12]} {[%emt 00:01:13]} Nc7 {[%emt 00:01:04]}
1/2-1/2

[Event "DEM U12 2023"]
[Site "Willingen GER"]
[Date "2023.05.30"]
[Round "4"]
[White "Berndt, Ronson"]
[Black "Geschke, David"]
[Result "1-0"]
[Termination "normal"]
[Board "23"]
[WhiteElo "1475"]
[BlackElo "1458"]
[WhiteClock "00:27:32"]
[BlackClock "00:33:31"]
[PlyCount "103"]
[WhiteFideId "34618694"]
[BlackFideId "34619658"]
[EventCountry "GER"]
[EventRounds "9"]
[EventType "swiss"]
[EventDate "2023.05.27"]

1. e4 {[%clk 01:30:54]} {[%emt 00:00:03]} e5 {[%clk 01:30:54]} {[%emt
00:00:07]} 2. Nf3 {[%clk 01:31:19]} {[%emt 00:00:05]} Nc6 {[%clk 01:31:18]}
{[%emt 00:00:05]} 3. Nc3 {[%clk 01:31:34]} {[%emt 00:00:15]} Nf6 {[%clk
01:31:04]} {[%emt 00:00:44]} 4. Bb5 {[%clk 01:31:17]} {[%emt 00:00:47]} Bb4
{[%clk 01:30:42]} {[%emt 00:00:52]} 5. O-O {[%clk 01:31:26]} {[%emt 00:00:20]}
O-O {[%clk 01:30:51]} {[%emt 00:00:21]} 6. d3 {[%clk 01:30:49]} {[%emt
00:01:07]} Bxc3 {[%clk 01:30:48]} {[%emt 00:00:34]} 7. bxc3 {[%clk 01:31:11]}
{[%emt 00:00:08]} d6 {[%clk 01:31:10]} {[%emt 00:00:08]} 8. Qe2 {[%clk
01:24:48]} {[%emt 00:06:53]} Bg4 {[%clk 01:29:03]} {[%emt 00:02:34]} 9. h3
{[%clk 01:24:00]} {[%emt 00:01:21]} Bh5 {[%clk 01:28:39]} {[%emt 00:00:51]} 10.
g4 {[%clk 01:19:31]} {[%emt 00:05:02]} Bg6 {[%clk 01:27:36]} {[%emt 00:01:32]}
11. Nh2 {[%clk 01:19:11]} {[%emt 00:00:50]} Nd7 {[%clk 01:23:58]} {[%emt
00:04:08]} 12. f4 {[%clk 01:11:23]} {[%emt 00:08:18]} f6 {[%clk 01:19:25]}
{[%emt 00:05:01]} 13. f5 {[%clk 01:10:18]} {[%emt 00:01:37]} Bf7 {[%clk
01:19:24]} {[%emt 00:00:29]} 14. Rf2 {[%clk 00:57:14]} {[%emt 00:13:35]} a6
{[%clk 01:18:31]} {[%emt 00:01:23]} 15. Ba4 {[%clk 00:54:19]} {[%emt 00:03:25]}
d5 {[%clk 01:16:55]} {[%emt 00:02:02]} 16. Ba3 {[%clk 00:50:05]} {[%emt
00:04:48]} Re8 {[%clk 01:15:12]} {[%emt 00:02:11]} 17. Bb3 {[%clk 00:47:36]}
{[%emt 00:02:59]} d4 {[%clk 01:14:02]} {[%emt 00:01:41]} 18. Bxf7+ {[%clk
00:47:47]} {[%emt 00:00:21]} Kxf7 {[%clk 01:14:30]} {[%emt 00:00:02]} 19. c4
{[%clk 00:47:52]} {[%emt 00:00:25]} b5 {[%clk 01:13:25]} {[%emt 00:01:23]} 20.
h4 {[%clk 00:35:22]} {[%emt 00:13:13]} bxc4 {[%clk 01:09:40]} {[%emt 00:04:13]}
21. dxc4 {[%clk 00:34:27]} {[%emt 00:01:26]} a5 {[%clk 01:03:16]} {[%emt
00:06:54]} 22. g5 {[%clk 00:33:51]} {[%emt 00:01:06]} Nf8 {[%clk 00:52:50]}
{[%emt 00:10:49]} 23. Qh5+ {[%clk 00:29:43]} {[%emt 00:04:45]} Kg8 {[%clk
00:50:03]} {[%emt 00:03:14]} 24. Bxf8 {[%clk 00:28:40]} {[%emt 00:01:35]} Rxf8
{[%clk 00:47:17]} {[%emt 00:03:17]} 25. g6 {[%clk 00:25:48]} {[%emt 00:03:22]}
h6 {[%clk 00:46:39]} {[%emt 00:01:07]} 26. Ng4 {[%clk 00:25:15]} {[%emt
00:01:03]} Qe7 {[%clk 00:44:05]} {[%emt 00:03:03]} 27. Nxh6+ {[%clk 00:21:01]}
{[%emt 00:04:45]} gxh6 {[%clk 00:43:31]} {[%emt 00:01:04]} 28. Qxh6 {[%clk
00:21:03]} {[%emt 00:00:28]} Qg7 {[%clk 00:43:12]} {[%emt 00:00:48]} 29. Qh5
{[%clk 00:21:22]} {[%emt 00:00:13]} Rfb8 {[%clk 00:42:58]} {[%emt 00:00:43]}
30. Qf3 {[%clk 00:17:17]} {[%emt 00:04:34]} Kf8 {[%clk 00:42:29]} {[%emt
00:00:59]} 31. Rg2 {[%clk 00:14:27]} {[%emt 00:03:21]} Ke7 {[%clk 00:40:53]}
{[%emt 00:02:06]} 32. Rd1 {[%clk 00:08:30]} {[%emt 00:06:27]} Nb4 {[%clk
00:31:45]} {[%emt 00:09:35]} 33. a3 {[%clk 00:07:16]} {[%emt 00:01:48]} Nc6
{[%clk 00:31:36]} {[%emt 00:00:38]} 34. h5 {[%clk 00:05:46]} {[%emt 00:02:00]}
Rh8 {[%clk 00:28:06]} {[%emt 00:04:00]} 35. Rh2 {[%clk 00:04:53]} {[%emt
00:01:24]} Qh6 {[%clk 00:24:18]} {[%emt 00:04:16]} 36. Rdd2 {[%clk 00:02:18]}
{[%emt 00:03:07]} Kf8 {[%clk 00:20:15]} {[%emt 00:04:32]} 37. Rdg2 {[%clk
00:02:28]} {[%emt 00:00:20]} Qc1+ {[%clk 00:19:04]} {[%emt 00:01:39]} 38. Qf1
{[%clk 00:02:39]} {[%emt 00:00:22]} Qxf1+ {[%clk 00:19:06]} {[%emt 00:00:27]}
39. Kxf1 {[%clk 00:03:01]} {[%emt 00:00:08]} Kg7 {[%clk 00:19:13]} {[%emt
00:00:23]} 40. Ke2 {[%clk 00:02:09]} {[%emt 00:01:23]} Rh6 {[%clk 00:17:49]}
{[%emt 00:01:53]} 41. Rg3 {[%clk 00:01:58]} {[%emt 00:00:41]} Rb8 {[%clk
00:17:45]} {[%emt 00:00:34]} 42. Rb3 {[%clk 00:01:41]} {[%emt 00:00:48]} Rxb3
{[%clk 00:09:56]} {[%emt 00:08:19]} 43. cxb3 {[%clk 00:02:05]} {[%emt
00:00:07]} Kf8 {[%clk 00:09:43]} {[%emt 00:00:42]} 44. Kd3 {[%clk 00:01:47]}
{[%emt 00:00:49]} Ke8 {[%clk 00:09:47]} {[%emt 00:00:24]} 45. c5 {[%clk
00:01:25]} {[%emt 00:00:53]} Kd7 {[%clk 00:09:29]} {[%emt 00:00:48]} 46. Kc4
{[%clk 00:30:28]} {[%emt 00:01:27]} Ne7 {[%clk 00:37:47]} {[%emt 00:02:11]} 47.
Rh3 {[%clk 00:27:40]} {[%emt 00:02:49]} Kc6 {[%clk 00:36:30]} {[%emt 00:01:46]}
48. b4 {[%clk 00:28:10]} {[%emt 00:00:31]} axb4 {[%clk 00:36:48]} {[%emt
00:00:13]} 49. axb4 {[%clk 00:28:33]} {[%emt 00:00:07]} Rh8 {[%clk 00:35:19]}
{[%emt 00:01:58]} 50. h6 {[%clk 00:27:40]} {[%emt 00:01:23]} Ng8 {[%clk
00:33:07]} {[%emt 00:02:41]} 51. h7 {[%clk 00:27:20]} {[%emt 00:00:51]} Ne7
{[%clk 00:33:31]} {[%emt 00:00:06]} 52. g7 {[%clk 00:27:32]} {[%emt 00:00:19]}
1-0

[Event "DEM U12 2023"]
[Site "Willingen GER"]
[Date "2023.05.30"]
[Round "4"]
[White "Prashanthakumar, Arju"]
[Black "Leonhardt, Max"]
[Result "1-0"]
[Termination "normal"]
[Board "24"]
[WhiteElo "1291"]
[BlackElo "1232"]
[WhiteClock "00:29:43"]
[BlackClock "00:30:38"]
[PlyCount "53"]
[WhiteFideId "34604065"]
[BlackFideId "34623647"]
[EventCountry "GER"]
[EventRounds "9"]
[EventType "swiss"]
[EventDate "2023.05.27"]

1. e4 {[%clk 01:30:58]} e5 {[%clk 01:30:50]} {[%emt 00:00:10]} 2. Nf3 {[%clk
01:31:20]} {[%emt 00:00:08]} Nc6 {[%clk 01:31:03]} {[%emt 00:00:17]} 3. Bc4
{[%clk 01:31:31]} {[%emt 00:00:18]} Bc5 {[%clk 01:31:07]} {[%emt 00:00:26]} 4.
d3 {[%clk 01:31:39]} {[%emt 00:00:22]} h6 {[%clk 01:31:11]} {[%emt 00:00:25]}
5. Nc3 {[%clk 01:31:26]} {[%emt 00:00:44]} Nf6 {[%clk 01:31:23]} {[%emt
00:00:18]} 6. Be3 {[%clk 01:31:02]} {[%emt 00:00:54]} Bb6 {[%clk 01:30:44]}
{[%emt 00:01:08]} 7. a3 {[%clk 01:30:12]} {[%emt 00:01:22]} d6 {[%clk
01:29:53]} {[%emt 00:01:20]} 8. h3 {[%clk 01:29:48]} {[%emt 00:00:53]} Be6
{[%clk 01:29:31]} {[%emt 00:00:51]} 9. Bxe6 {[%clk 01:27:52]} {[%emt 00:02:28]}
fxe6 {[%clk 01:29:45]} {[%emt 00:00:15]} 10. Qe2 {[%clk 01:25:51]} {[%emt
00:02:32]} Qd7 {[%clk 01:27:54]} {[%emt 00:02:21]} 11. O-O-O {[%clk 01:22:40]}
{[%emt 00:03:41]} Bxe3+ {[%clk 01:22:23]} {[%emt 00:06:00]} 12. Qxe3 {[%clk
01:19:33]} {[%emt 00:03:38]} O-O-O {[%clk 01:22:21]} {[%emt 00:00:30]} 13. d4
{[%clk 01:17:21]} {[%emt 00:02:43]} exd4 {[%clk 01:19:10]} {[%emt 00:03:41]}
14. Nxd4 {[%clk 01:17:15]} {[%emt 00:00:36]} b6 {[%clk 01:18:54]} {[%emt
00:00:46]} 15. Rhe1 {[%clk 01:09:05]} {[%emt 00:08:39]} e5 {[%clk 01:15:27]}
{[%emt 00:03:57]} 16. Nf5 {[%clk 01:04:45]} {[%emt 00:04:49]} Qf7 {[%clk
01:13:10]} {[%emt 00:02:47]} 17. Qe2 {[%clk 00:56:19]} {[%emt 00:08:58]} Kb7
{[%clk 01:09:54]} {[%emt 00:03:46]} 18. Nh4 {[%clk 00:49:40]} {[%emt 00:07:08]}
d5 {[%clk 00:49:03]} {[%emt 00:21:20]} 19. exd5 {[%clk 00:47:02]} {[%emt
00:03:09]} Nxd5 {[%clk 00:48:01]} {[%emt 00:01:32]} 20. Nxd5 {[%clk 00:46:32]}
{[%emt 00:01:00]} Rxd5 {[%clk 00:48:10]} {[%emt 00:00:21]} 21. Kb1 {[%clk
00:40:35]} {[%emt 00:06:27]} Rhd8 {[%clk 00:46:22]} {[%emt 00:02:17]} 22. Rxd5
{[%clk 00:38:20]} {[%emt 00:02:47]} Rxd5 {[%clk 00:45:10]} {[%emt 00:01:40]}
23. Nf3 {[%clk 00:36:34]} {[%emt 00:02:14]} Qf6 {[%clk 00:40:48]} {[%emt
00:04:54]} 24. Qe4 {[%clk 00:33:18]} {[%emt 00:03:44]} Qd6 {[%clk 00:38:49]}
{[%emt 00:02:31]} 25. Kc1 {[%clk 00:32:28]} {[%emt 00:01:20]} Nd4 {[%clk
00:32:14]} {[%emt 00:07:04]} 26. c4 {[%clk 00:29:25]} {[%emt 00:03:34]} Qc5
{[%clk 00:30:38]} {[%emt 00:03:30]} 27. Qxd5+ {[%clk 00:29:43]} {[%emt
00:00:12]} 1-0